| 000 | 00779nam a2200253 a 4500 | ||
|---|---|---|---|
| 008 | 960514s1989||||[C 0 slo c | ||
| 020 |
_a8070930136 _c9,50 Kčs. _q(5 000 výtl.) |
||
| 040 |
_aSNK _bslo _cSNK _eAACR2 |
||
| 041 | 1 | _aslo | |
| 044 |
_axo _cSK |
||
| 080 | _a786.8:784.4 | ||
| 080 | _a784.4 | ||
| 080 | _a784.4 | ||
| 245 | 1 | 0 |
_aNa ľudovú nôtu _hHudobnina _bSlovenské ľudové piesne pre akordeón ; Dezider Harvan, Peter Danay |
| 250 | _a2., vyd. | ||
| 260 |
_aBratislava _bOpus [vyd.] _c1989 _ePartizánske _fZápadoslovenské tlačiarne |
||
| 300 |
_a33 s. _c30,5,x23 cm |
||
| 500 | _aHudobnina. | ||
| 500 | _aUpr. Dezider Harvan. Ob. Peter Danay. | ||
| 700 | 1 |
_aHarvan, Dezider _4oth |
|
| 700 | 1 |
_aDanay, Peter _4oth |
|
| 924 | _aharmonika | ||
| 958 | _aH | ||
| 999 |
_c15183 _d15183 |
||